25 Least Populous European Countries Quiz Stats

 Plays Quiz Updated Jul 14, 2016

Challenge
Share
Tweet
Embed
Score 0/25 Timer 02:00
0 Plays Today
% Correct
Andorra
96.7%
Liechtenstein
95%
Malta
95%
Vatican City
94.5%
San Marino
94.3%
Monaco
94.2%
Luxembourg
93.7%
Kosovo
93.4%
Cyprus
93.3%
Iceland
91%
Latvia
90.9%
Estonia
90.8%
Montenegro
90.1%
% Correct
Moldova
89.9%
Macedonia
87.7%
Lithuania
85.3%
Albania
82.3%
Slovenia
81.5%
Bosnia & Herzegovina
71.3%
Slovakia
67.3%
Croatia
61.5%
Ireland
59.6%
Finland
58.9%
Denmark (incl. Greenland)
57.4%
Norway
49.1%

You're not logged in!

Compare scores with friends on all Sporcle quizzes.
OR
Log In

You Might Also Like...

Show Comments

Extras

Top Quizzes Today


Score Distribution

Your Account Isn't Verified!

In order to create a playlist on Sporcle, you need to verify the email address you used during registration. Go to your Sporcle Settings to finish the process.

Report this User

Report this user for behavior that violates our Community Guidelines.

Details: